5HLuxD.jpg

KING HENRY VIII SENIOR AND PRIMARY SCHOOL LIBRARY OPAC

Pete the Cat's family road trip / (Record no. 1705)

000 -LEADER
fixed length control field 01228cam a2200337 ab4500
001 - CONTROL NUMBER
control field 2284923
003 - CONTROL NUMBER IDENTIFIER
control field OSt
005 - DATE AND TIME OF LATEST TRANSACTION
control field 20230120132111.0
008 - FIXED-LENGTH DATA ELEMENTS--GENERAL INFORMATION
fixed length control field 200807s2020 nyua j 000 1 eng d
020 ## - INTERNATIONAL STANDARD BOOK NUMBER
International Standard Book Number 9780062868381
Qualifying information (paperback)
040 ## - CATALOGING SOURCE
Original cataloging agency NjBwBT
Language of cataloging eng
Description conventions aacr2
Transcribing agency FMG
Modifying agency FMG
-- OCLCO
-- OCLCQ
-- AZD
-- OCLCO
-- TXG
-- TCPL
-- KH8
042 ## - AUTHENTICATION CODE
Authentication code nbic
082 0# - DEWEY DECIMAL CLASSIFICATION NUMBER
Classification number 813.6 DEA
100 1# - MAIN ENTRY--PERSONAL NAME
Personal name Dean, Kim,
Dates associated with a name 1969-
Relator term author
245 10 - TITLE STATEMENT
Title Pete the Cat's family road trip /
Statement of responsibility, etc. by Kimberly & James Dean.
246 30 - VARYING FORM OF TITLE
Title proper/short title Family road trip.
250 ## - EDITION STATEMENT
Edition statement 1st ed.
260 ## - PUBLICATION, DISTRIBUTION, ETC.
Place of publication, distribution, etc. New York, NY :
Name of publisher, distributor, etc. Harper, an imprint of HarperCollinsPublishers,
Date of publication, distribution, etc. c2020.
300 ## - PHYSICAL DESCRIPTION
Extent 32 p. :
Other physical details col. ill. ;
Dimensions 24 cm.
490 1# - SERIES STATEMENT
Series statement I can read!. 1, Beginning reading.
490 1# - SERIES STATEMENT
Series statement Pete the Cat.
520 ## - SUMMARY, ETC.
Summary, etc. Pete the Cat and his family embark on a road trip vacation around the United States, seeing such cities as Niagara Falls, New Orleans, and Savannah.
600 00 - SUBJECT ADDED ENTRY--PERSONAL NAME
Personal name Pete,
Titles and other words associated with a name the Cat (Fictitious character)
Form subdivision Juvenile fiction.
650 #0 - SUBJECT ADDED ENTRY--TOPICAL TERM
Topical term or geographic name entry element Cats
Form subdivision Juvenile fiction.
650 #0 - SUBJECT ADDED ENTRY--TOPICAL TERM
Topical term or geographic name entry element Humorous stories.
650 #0 - SUBJECT ADDED ENTRY--TOPICAL TERM
Topical term or geographic name entry element Vacations
Form subdivision Juvenile fiction.
700 1# - ADDED ENTRY--PERSONAL NAME
Personal name Dean, James,
Dates associated with a name 1957-
Relator term author
830 #0 - SERIES ADDED ENTRY--UNIFORM TITLE
Uniform title I can read book.
830 #0 - SERIES ADDED ENTRY--UNIFORM TITLE
Uniform title Pete the cat.
942 ## - ADDED ENTRY ELEMENTS (KOHA)
Source of classification or shelving scheme
Koha item type Books - Non Ficton
Holdings
Withdrawn status Lost status Source of classification or shelving scheme Damaged status Not for loan Collection code Permanent Location Current Location Shelving location Date acquired Total Checkouts Full call number Barcode Date last seen Date last checked out Price effective from Koha item type
          Non-Fiction KH8 Primary School Library KH8 Primary School Library Non Fiction 2023-01-20 20 813.6 DEA KHPL000003463 2026-02-24 2026-02-10 2023-01-20 Books - Non Ficton

Powered By KH8 IT Dept